| 000 | 00485nam a2200145 a 4500 | ||
|---|---|---|---|
| 001 | 000039066 | ||
| 005 | 20201002031500.0 | ||
| 008 | 130517s2003 dr 000 0 spa d | ||
| 040 |
_aDO-SdBNP _bspa _cBNPHU |
||
| 100 | 1 |
_aVentura, Juan _934784 |
|
| 245 | 1 | 0 |
_aVicepresidente de la República Dominicana : _bResúmenes biográficos de los vices de 1854 a 2003 / _cJuan Ventura. |
| 260 |
_aSanto Domingo : _bEditora Collado, _c2003. |
||
| 300 |
_a91 p. ; _c22 cm. |
||
| 500 | _aIncluye índice | ||
| 999 |
_c38556 _d38556 |
||